000 01047nam a2200313 i 4500
003 EG-GICUC
005 20260426064605.0
008 260419s1939 fr ||||fr|||| 00| 0 fre d
040 _aEG-GiCUC
_bfre
_cEG-GiCUC
_dEG-GiCUC
_eRda
041 0 _afre
082 0 4 _221
_a343.511
_bRO . C
092 0 4 _221
099 _aLaw1 10 343.511 RO . C 2 ed - 1939
100 1 _aRoux, J.-A.
_eAuteur
245 1 0 _aCours de droit criminel français :
_b Procédure pénale .
_nTome II /
_cpar J.-A. Roux
250 _aDeuxième édition revue et augmentée
264 3 _aParis :
_bRecueil Sirey,
_c1939.
300 _a531 page ;
_c 24 cm.
336 _2rda contenu
_a texte
337 _2rda medias
_aOrdinateur
338 _2 transporteur rda
_a Ressource en ligne
504 _aComprend des références bibliographiques et un index.
546 _aTexte en français
650 1 4 _aDroit criminel — France
_2qrmak
651 1 _2qrmak
856 4 0 _uhttps://fll.law.cu.edu.eg/fulltext/bks/B10-09133.pdf
905 _a74
942 _2ddc
_n0
_cBK
_e21
999 _c72045
_d72045